000
00215nam a2200085Ia 4500
245
0
_a
Bees
100
_a
Dawson, Robert, , 1944- Oxford, 2009
_9
82816
942
_c
BK
008
210825s9999 xx 000 0 und d
999
_c
553525
_d
553524